Les 3 meilleurs défenseurs centraux par pays dans l'histoire - Statistiques

Statistiques générales
  • Ce quiz a été pris 169 fois
  • Le résultat moyen est 17 sur 30
Statistiques - réponses
Pays Club principal Joueurs % Correct
France Réal Madrid Raphaël Varane
90%
Espagne Réal Madrid Sergio Ramos
90%
Brésil Paris Saint Germain Thiago Silva
85%
Portugal Réal Madrid Pepe
84%
Espagne FC Barcelone Gérard Pique
83%
Pays-Bas FC Liverpool Virgil Van Dijk
83%
Espagne FC Barcelone Carles Puyol
80%
France AC Milan Marcel Desailly
77%
France Olympique de Marseille Laurent Blanc
76%
Portugal Manchester City Ruben Dias
71%
Italie AC Milan Alessandro Nesta
69%
Angleterre Manchester United Rio Ferdinand
68%
Belgique Manchester City Vincent Kompany
68%
Italie Parme AC Fabio Cannavaro
67%
Allemagne Bayern Munich Franz Beckenbauer
66%
Angleterre FC Chelsea John Terry
66%
Allemagne Borussia Dortmund Mats Hummels
65%
Pays-Bas FC Barcelone Ronald Koeman
58%
Belgique Tottenham Hotspurs Jan Vertonghen
55%
Italie AC Milan Franco Baresi
51%
Brésil Inter Milan Lucio
45%
Argentine Benfica Lisbonne Nicolas Otamendi
45%
Portugal FC Porto Ricardo Carvalho
39%
Belgique Bayern Munich Daniel Van Buyten
38%
Pays-Bas Manchester United Japp Stam
38%
Angleterre West Ham United Bobby Moore
29%
Argentine River Plate Daniel Passarella
13%
Brésil AS Roma Aldair
8%
Allemagne Bayern Munich Hans-Georg Schwarzenbeck
3%
Argentine Boca Juniors Oscar Ruggeri
1%
Aucun quiz correspondant
Distribution des résultats
% des personnes avec chaque résultat
Percentile par nombre de réponses
Votre historique - résultats
Vous n’avez pas pris ce quiz